អ្នកផ្លុំបុីពិសេសនៃហាមិលីន / (Record no. 9054)
[ view plain ]
| 000 -LEADER | |
|---|---|
| fixed length control field | 03375nam a22002777a 4500 |
| 001 - CONTROL NUMBER | |
| control field | 9054 |
| 003 - CONTROL NUMBER IDENTIFIER | |
| control field | FISKH |
| 005 - DATE AND TIME OF LATEST TRANSACTION | |
| control field | 20251118103943.0 |
| 008 - FIXED-LENGTH DATA ELEMENTS--GENERAL INFORMATION | |
| fixed length control field | 251118b cb ||||| |||| 00| 0 eng d |
| 020 ## - INTERNATIONAL STANDARD BOOK NUMBER | |
| International Standard Book Number | 9789996389696 |
| 040 ## - CATALOGING SOURCE | |
| Original cataloging agency | FISKH |
| Language of cataloging | khr |
| Transcribing agency | FISKH |
| Modifying agency | FISKH |
| 082 ## - DEWEY DECIMAL CLASSIFICATION NUMBER | |
| Classification number | 398.2 |
| 100 ## - MAIN ENTRY--PERSONAL NAME | |
| Personal name | Anonymous |
| 245 ## - TITLE STATEMENT | |
| Title | អ្នកផ្លុំបុីពិសេសនៃហាមិលីន / |
| Statement of responsibility, etc. | By Anonymous |
| 260 ## - PUBLICATION, DISTRIBUTION, ETC. | |
| Place of publication, distribution, etc. | ភ្នំពេញ : |
| Name of publisher, distributor, etc. | ក្រុមហ៊ុន អផ្សុក, |
| 300 ## - PHYSICAL DESCRIPTION | |
| Extent | 16 pages : |
| Other physical details | color illustrations ; |
| Dimensions | 21 cm . |
| 505 ## - FORMATTED CONTENTS NOTE | |
| Formatted contents note | H <br/> |
| 520 ## - SUMMARY, ETC. | |
| Summary, etc. | ទីក្រុង ហាមិលីន គឺជាទីក្រុងមួយដែលរុំពទ្ធ័ទៅដោយភ្នំនិងព្រៃស្តុក ។ ថ្ងៃមួយស្រាប់តែមានកណ្តុររាប់ពាន់ក្បាលចូលមករាតត្បាតនៅក្នុងទីក្រុងនេះ ។ ថ្ងៃមួយក៏មានអ្នកផ្លុំបុិដើរកាត់ទីក្រុងនេះ លោកអភិបាលក្រុងក៏ចាត់អោយអ្នកផ្លុំបុិ បណ្តេញកណ្តុរចេញពីក្រុងដោយសន្យាថានឹងអោយប្រាក់មួយចំនួនទៅលោក ។ លុះចប់ការងារលោកអភិបាលក្រុងមិនបានគោរពសន្យាទេ ។ អ្នកផ្លុំបុិខឹងយ៉ាងខ្លាំង ។ អ្នកផ្លុំបុីបានមកម្តងទៀត តែសម្លេងបុីម្តងនេះប្លែកព្រោះមានតែក្មេងៗទេដែលលឺសម្លេងនេះ ក្មេងៗបានដើរទៅតាមអ្នកផ្លុំបុីចូលទៅក្នុងរូងភ្នំមួយ ហើយមិនត្រលប់មកវិញ ។ អ្នកភូមិបានការខឹងសប្បារនឹងលោកអភិបាលក្រុងជាខ្លាំង ។ ហើយលោកក៏ត្រូវរ់សក្នុងវិប្បដិសារីអស់មួយជីវិត ។ |
| 520 ## - SUMMARY, ETC. | |
| Summary, etc. | The city of Hamelin is a town surrounded by mountains and dense forests. One day, thousands of rats suddenly entered the city and caused destruction. One day, a piper passed through the city. The mayor assigned the piper to drive the rats out of the city, promising to pay him a certain amount of money. After the work was done, the mayor did not honor his promise. The piper became very angry. The piper came again, but this time the sound of his pipe was different, because only the children could hear it. The children followed the piper into a mountain cave and never returned. The townspeople became extremely angry at the mayor, and he had to live the rest of his life in misery. |
| 521 8# - TARGET AUDIENCE NOTE | |
| Target audience note | 480 <br/> |
| Source | Lexile estimate <br/> |
| 521 8# - TARGET AUDIENCE NOTE | |
| Target audience note | H <br/> |
| Source | Raz-Plus <br/> |
| 650 ## - SUBJECT ADDED ENTRY--TOPICAL TERM | |
| Topical term or geographic name entry element | អ្នកផ្លុំបុីពិសេសនៃហាមិលីន |
| Form subdivision | រឿងនិទានកុមារ |
| 650 ## - SUBJECT ADDED ENTRY--TOPICAL TERM | |
| Topical term or geographic name entry element | The pied piper of Hamelin |
| Form subdivision | Children's Stories |
| 942 ## - ADDED ENTRY ELEMENTS (KOHA) | |
| Source of classification or shelving scheme | Dewey Decimal Classification |
| Koha item type | Khmer Books |
| Suppress in OPAC | No |
| Withdrawn status | Lost status | Source of classification or shelving scheme | Damaged status | Not for loan | Collection | Home library | Current library | Shelving location | Date acquired | Total Checkouts | Full call number | Barcode | Date last seen | Price effective from | Koha item type |
|---|---|---|---|---|---|---|---|---|---|---|---|---|---|---|---|
| Dewey Decimal Classification | Khmer-English Bilingual / ភាសាខ្មែរ-អង់គ្លេស | Footprints International School Library Network Toul Tom Poung Campus | Footprints International School Library Network Toul Tom Poung Campus | TTP Primary Khmer Bookshelves | 11/18/2025 | ANO 398.2 | 2025-4810 | 11/18/2025 | 11/18/2025 | Khmer Books |
